Autour des états américains - Noms et surnoms - - Statistiques

Statistiques générales
  • Ce quiz a été pris 22 fois
  • Le résultat moyen est 10 sur 150
Statistiques - réponses
Hint Réponse % Correct
Etat au féminin en français Californie
84%
Etat au féminin en français Caroline du Nord
47%
Etat au féminin en français Caroline du Sud
47%
Etat au féminin en français Louisiane
42%
Etat au féminin en français Floride
37%
Etat au féminin en français Virginie Occidentale
37%
Etat au féminin en français Géorgie
32%
Etat dont le nom ne comporte qu'une sorte de voyelle Alabama
26%
Etat au féminin en français Pennsylvanie
26%
Etat dont le nom a pour origine une personne Washington
26%
Etats dont le nom est différent en français et en anglais (notez le nom en français) Caroline du Nord
21%
Etats dont le nom est différent en français et en anglais (notez le nom en français) Caroline du Sud
21%
Etat dont le nom ne comporte qu'une sorte de voyelle Mississippi
21%
Etats dont le nom est différent en français et en anglais (notez le nom en anglais) North Carolina
21%
Etats dont le nom est différent en français et en anglais (notez le nom en anglais) South Carolina
21%
Etat dont le nom ne comporte qu'une sorte de voyelle Arkansas
16%
Etats dont le nom est différent en français et en anglais (notez le nom en anglais) California
16%
Etats dont le nom est différent en français et en anglais (notez le nom en français) Californie
16%
Etat dont le nom a pour origine une personne Caroline du Nord
16%
Etat dont le nom a pour origine une personne Caroline du Sud
16%
Etats dont le nom est différent en français et en anglais (notez le nom en français) Dakota du Nord
16%
Etats dont le nom est différent en français et en anglais (notez le nom en français) Dakota du Sud
16%
Etats dont le nom est différent en français et en anglais (notez le nom en anglais) Florida
16%
Etats dont le nom est différent en français et en anglais (notez le nom en français) Floride
16%
Etats dont le nom est différent en français et en anglais (notez le nom en anglais) Georgia
16%
Etats dont le nom est différent en français et en anglais (notez le nom en français) Géorgie
16%
Etat dont le nom ne comporte qu'une sorte de voyelle Kansas
16%
Etats dont le nom est différent en français et en anglais (notez le nom en anglais) North Dakota
16%
Etat dont le nom a pour origine un autre lieu Nouveau Mexique
16%
Etats dont le nom est différent en français et en anglais (notez le nom en français) Nouveau-Mexique
16%
Etats dont le nom est différent en français et en anglais (notez le nom en anglais) South Dakota
16%
Etat dont le nom a pour origine une personne Virginie
16%
Etat dont le nom a pour origine une personne Virginie occidentale
16%
Etat dont le nom ne comporte qu'une sorte de voyelle Alaska
11%
Etats dont le nom est différent en français et en anglais (notez le nom en anglais) Louisiana
11%
Etats dont le nom est différent en français et en anglais (notez le nom en français) Louisiane
11%
Etat dont le nom a pour origine un autre lieu New Hampshire
11%
Etats dont le nom est différent en français et en anglais (notez le nom en anglais) New Mexico
11%
Etats dont le nom est différent en français et en anglais (notez le nom en anglais) Pennsylvania
11%
Etats dont le nom est différent en français et en anglais (notez le nom en français) Pennsylvanie
11%
Etats dont le nom est différent en français et en anglais (notez le nom en anglais) Virginia
11%
Etats dont le nom est différent en français et en anglais (notez le nom en français) Virginie
11%
Etats dont le nom est différent en français et en anglais (notez le nom en français) Virginie Occidentale
11%
Etat dont le nom a pour origine une population Alabama
5%
Etat dont le nom a pour origine un mot étranger ou une expression étrangère (langue autre que l'anglais) Alaska
5%
Etat dont le nom a pour origine un mot étranger ou une expression étrangère (langue autre que l'anglais) Arizona
5%
Etat dont le nom a pour origine un mot étranger ou une expression étrangère (langue autre que l'anglais) Arkansas
5%
Etat dont le nom a pour origine un mot étranger ou une expression étrangère (langue autre que l'anglais) Californie
5%
Etat dont le nom a pour origine une personne Delaware
5%
Etat dont le nom a pour origine un événement ou une fête Floride
5%
Etat dont le nom a pour origine une personne Géorgie
5%
Etat dont le nom a pour origine une population Indiana
5%
Etat dont le nom a pour origine une population Iowa
5%
Etat dont le nom a pour origine une population Kansas
5%
Etat dont le surnom fait référence à un végétal ou à sa flore Kansas
5%
Etat dont le surnom fait référence à un végétal ou à sa flore Kentucky
5%
Etat dont le nom a pour origine une personne Louisiane
5%
Etat dont le nom a pour origine un autre lieu Maine
5%
Etat dont le nom a pour origine une personne Maryland
5%
Etat dont le nom a pour origine un mot étranger ou une expression étrangère (langue autre que l'anglais) Michigan
5%
Etat dont le nom a pour origine une population Missouri
5%
Etat dont le nom a pour origine un mot étranger ou une expression étrangère (langue autre que l'anglais) Nevada
5%
Etat dont le surnom fait référence à un végétal ou à sa flore New Jersey
5%
Etat dont le nom a pour origine une population Oklahoma
5%
Etat dont le nom a pour origine une personne Pennsylvanie
5%
Etat dont le nom a pour origine un autre lieu Rhode Island
5%
Etat dont le nom a pour origine un mot étranger ou une expression étrangère (langue autre que l'anglais) Texas
5%
Etat dont le surnom fait référence à son drapeau Texas
5%
Etat dont le surnom fait référence à un animal Alabama
0%
Etat dont le surnom fait référence à un lieu, à une spécificité géographique, à son agriculture, à ses atouts, à son climat... Alabama
0%
Etat dont le surnom fait référence à un végétal ou à sa flore Alabama
0%
Etat dont le surnom fait référence à un lieu, à une spécificité géographique, à son agriculture, à ses atouts, à son climat... Alaska
0%
Etat dont le surnom fait référence à un lieu, à une spécificité géographique, à son agriculture, à ses atouts, à son climat... Arkansas
0%
Etat dont le surnom fait référence à un lieu, à une spécificité géographique, à son agriculture, à ses atouts, à son climat... Californie
0%
Etat dont le surnom fait référence à son histoire ou sa culture Caroline du Nord
0%
Etat dont le surnom fait référence à un végétal ou à sa flore Caroline du Sud
0%
Etat dont le nom a pour origine un mot étranger ou une expression étrangère (langue autre que l'anglais) Colorado
0%
Etat dont le surnom fait référence à son histoire ou sa culture Colorado
0%
Etat dont le nom a pour origine un mot étranger ou une expression étrangère (langue autre que l'anglais) Connecticut
0%
Etat dont le surnom fait référence à son histoire ou sa culture Connecticut
0%
Etat dont le surnom fait référence à un végétal ou à sa flore Connecticut
0%
Etat dont le nom a pour origine une population Dakota du Nord
0%
Etat dont le surnom fait référence à sa population Dakota du Nord
0%
Etat dont le surnom fait référence à un lieu, à une spécificité géographique, à son agriculture, à ses atouts, à son climat... Dakota du Nord
0%
Etat dont le nom a pour origine une population Dakota du Sud
0%
Etat dont le surnom fait référence à un lieu, à une spécificité géographique, à son agriculture, à ses atouts, à son climat... Dakota du Sud
0%
Etat dont le surnom fait référence à son histoire ou sa culture Delaware
0%
Etat dont le surnom fait référence à un minéral Delaware
0%
Etat dont le surnom fait référence à un végétal ou à sa flore Delaware
0%
Etat dont le surnom fait référence à un lieu, à une spécificité géographique, à son agriculture, à ses atouts, à son climat... Floride
0%
Etat dont le surnom fait référence à un lieu, à une spécificité géographique, à son agriculture, à ses atouts, à son climat... Géorgie
0%
Etat dont le surnom fait référence à un végétal ou à sa flore Géorgie
0%
Etat dont le nom a pour origine un mot étranger ou une expression étrangère (langue autre que l'anglais) Hawaï
0%
Etat dont le surnom fait référence à son histoire ou sa culture Hawaï
0%
Etat dont le nom a pour origine un mot inventé Idaho
0%
Etat dont le surnom fait référence à un minéral Idaho
0%
Etat dont le nom a pour origine un mot étranger ou une expression étrangère (langue autre que l'anglais) Illinois
0%
Etat dont le surnom fait référence à son histoire ou sa culture Illinois
0%
Etat dont le surnom fait référence à un lieu, à une spécificité géographique, à son agriculture, à ses atouts, à son climat... Illinois
0%
Etat dont le surnom fait référence à sa population Indiana
0%
Etat dont le surnom fait référence à un lieu, à une spécificité géographique, à son agriculture, à ses atouts, à son climat... Indiana
0%
Etat dont le surnom fait référence à un individu Iowa
0%
Etat dont le surnom fait référence à sa population Kansas
0%
Etat dont le nom a pour origine un mot étranger ou une expression étrangère (langue autre que l'anglais) Kentucky
0%
Etat dont le surnom fait référence à un lieu, à une spécificité géographique, à son agriculture, à ses atouts, à son climat... Kentucky
0%
Etat dont le surnom fait référence à un animal Louisiane
0%
Etat dont le surnom fait référence à un lieu, à une spécificité géographique, à son agriculture, à ses atouts, à son climat... Maine
0%
Etat dont le surnom fait référence à un végétal ou à sa flore Maine
0%
Etat dont le surnom fait référence à son histoire ou sa culture Maryland
0%
Etat dont le nom a pour origine une population Massachusetts
0%
Etat dont le surnom fait référence à un lieu, à une spécificité géographique, à son agriculture, à ses atouts, à son climat... Massachusetts
0%
Etat dont le surnom fait référence à un animal Michigan
0%
Etat dont le surnom fait référence à un lieu, à une spécificité géographique, à son agriculture, à ses atouts, à son climat... Michigan
0%
Etat dont le nom a pour origine un mot étranger ou une expression étrangère (langue autre que l'anglais) Minnesota
0%
Etat dont le surnom fait référence à un lieu, à une spécificité géographique, à son agriculture, à ses atouts, à son climat... Minnesota
0%
Etat dont le nom a pour origine un mot étranger ou une expression étrangère (langue autre que l'anglais) Mississippi
0%
Etat dont le surnom fait référence à un végétal ou à sa flore Mississippi
0%
Etat dont le surnom fait référence à un lieu, à une spécificité géographique, à son agriculture, à ses atouts, à son climat... Missouri
0%
Etat dont le nom a pour origine un mot étranger ou une expression étrangère (langue autre que l'anglais) Montana
0%
Etat dont le surnom fait référence à un lieu, à une spécificité géographique, à son agriculture, à ses atouts, à son climat... Montana
0%
Etat dont le nom a pour origine un mot étranger ou une expression étrangère (langue autre que l'anglais) Nebraska
0%
Etat dont le surnom fait référence à sa population Nebraska
0%
Etat dont le surnom fait référence à un minéral Nevada
0%
Etat dont le surnom fait référence à un minéral New Hampshire
0%
Etat dont le nom a pour origine une personne New Jersey
0%
Etat dont le nom a pour origine une personne New York
0%
Etat dont le surnom fait référence à son histoire ou sa culture New York
0%
Etat dont le surnom fait référence à son histoire ou sa culture Nouveau Mexique
0%
Etat dont le nom a pour origine un mot étranger ou une expression étrangère (langue autre que l'anglais) Ohio
0%
Etat dont le surnom fait référence à un végétal ou à sa flore Ohio
0%
Etat dont le surnom fait référence à sa population Oklahoma
0%
Etat dont le nom a pour origine un mot étranger ou une expression étrangère (langue autre que l'anglais) Oregon
0%
Etat dont le surnom fait référence à un animal Oregon
0%
Etat dont le surnom fait référence à un lieu, à une spécificité géographique, à son agriculture, à ses atouts, à son climat... Pennsylvanie
0%
Etat dont le surnom fait référence à un lieu, à une spécificité géographique, à son agriculture, à ses atouts, à son climat... Rhode Island
0%
Etat dont le nom a pour origine un autre lieu Tennessee
0%
Etat dont le nom ne comporte qu'une sorte de voyelle Tennessee
0%
Etat dont le surnom fait référence à sa population Tennessee
0%
Etat dont le nom a pour origine un mot étranger ou une expression étrangère (langue autre que l'anglais) Utah
0%
Etat dont le surnom fait référence à un animal Utah
0%
Etat dont le nom a pour origine un mot étranger ou une expression étrangère (langue autre que l'anglais) Vermont
0%
Etat dont le surnom fait référence à un lieu, à une spécificité géographique, à son agriculture, à ses atouts, à son climat... Vermont
0%
Etat dont le surnom fait référence à son histoire ou sa culture Virginie
0%
Etat dont le surnom fait référence à un lieu, à une spécificité géographique, à son agriculture, à ses atouts, à son climat... Virginie Occidentale
0%
Etat dont le surnom fait référence à un végétal ou à sa flore Washington
0%
Etats dont le nom est différent en français et en anglais (notez le nom en anglais) West Viriginia
0%
Etat dont le nom a pour origine un mot étranger ou une expression étrangère (langue autre que l'anglais) Wisconsin
0%
Etat dont le surnom fait référence à un minéral Wisconsin
0%
Etat dont le nom a pour origine un mot étranger ou une expression étrangère (langue autre que l'anglais) Wyoming
0%
Etat dont le surnom fait référence à son histoire ou sa culture Wyoming
0%
Aucun quiz correspondant
Distribution des résultats
% des personnes avec chaque résultat
Percentile par nombre de réponses
Votre historique - résultats
Vous n’avez pas pris ce quiz